000 01409nam a2200349Ia 4500
001 ebr10142148
003 CaPaEBR
006 m u
007 cr cn|||||||||
008 880906s1989 nyuaf sb 000 0 eng d
010 _z 88028575
020 _z0195066677
020 _z0195058771 (alk. paper)
040 _aCaPaEBR
_cCaPaEBR
035 _a(OCoLC)191928269
050 1 4 _aF869.B5
_bR67 1989eb
100 1 _aRorabaugh, W. J.
245 1 0 _aBerkeley at war, the 1960s
_h[electronic resource] /
_cW.J. Rorabaugh.
260 _aNew York :
_bOxford University Press,
_c1989.
300 _axii, 277 p., [32] p. of plates :
_bill.
504 _aIncludes bibliographical references.
533 _aElectronic reproduction.
_bPalo Alto, Calif. :
_cebrary,
_d2007.
_nAvailable via World Wide Web.
_nAccess may be limited to ebrary affiliated libraries.
610 2 0 _aUniversity of California, Berkeley
_xHistory
_y20th century.
650 0 _aRadicalism
_zCalifornia
_zBerkeley
_xHistory
_y20th century.
650 0 _aVietnam War, 1961-1975
_zCalifornia
_zBerkeley.
651 0 _aBerkeley (Calif.)
_xHistory.
651 0 _aBerkeley (Calif.)
_xSocial conditions.
655 7 _aElectronic books.
_2local
710 2 _aebrary, Inc.
740 0 2 _aBerkeley at war.
856 4 0 _uhttp://site.ebrary.com/lib/rucke/Doc?id=10142148
_zAn electronic book accessible through the World Wide Web; click to view
999 _c196109
_d196109